[Event "Kesarovski Georgiev mem."]
[Site "Sunny Beach BUL"]
[Date "2015.09.10"]
[Round "6"]
[White "Golubka, Petro"]
[Black "Radovanovic, Jovica"]
[Result "1/2-1/2"]
[WhiteElo "2413"]
[BlackElo "2325"]
[WhiteFideId "-1"]
[BlackFideId "-1"]
[PlyCount "21"]
[GameId "2130307654640930"]
[EventDate "2015.09.05"]
[EventType "swiss"]
[EventRounds "9"]
[EventCountry "BUL"]
[SourceTitle "Mega2015 Update 43"]
[Source "Chessbase"]
[SourceDate "2015.09.18"]
[SourceVersion "1"]
[SourceVersionDate "2015.09.18"]
[SourceQuality "1"]

1. e4 c5 2. Nf3 d6 3. d4 cxd4 4. Nxd4 Nf6 5. Nc3 a6 6. Be3 e5 7. Nf3 Qc7 8. Bg5 Nbd7 9. a4 h6 10. Bh4 Be7 11. Nd2 1/2-1/2

[Event "Kesarovski Georgiev mem."]
[Site "Sunny Beach BUL"]
[Date "2015.09.11"]
[Round "7"]
[White "Piza, Vlastimil"]
[Black "Golubka, Petro"]
[Result "0-1"]
[WhiteElo "2298"]
[BlackElo "2413"]
[WhiteFideId "-1"]
[BlackFideId "-1"]
[PlyCount "74"]
[GameId "2130307654645052"]
[EventDate "2015.09.05"]
[EventType "swiss"]
[EventRounds "9"]
[EventCountry "BUL"]
[SourceTitle "Mega2015 Update 43"]
[Source "Chessbase"]
[SourceDate "2015.09.18"]
[SourceVersion "1"]
[SourceVersionDate "2015.09.18"]
[SourceQuality "1"]

1. d4 d5 2. c4 e6 3. Nf3 c5 4. cxd5 exd5 5. g3 Nc6 6. Bg2 Nf6 7. O-O Be7 8. Nc3 O-O 9. Bg5 cxd4 10. Nxd4 h6 11. Be3 Re8 12. Nxc6 bxc6 13. Na4 Qa5 14. Rc1 Bg4 15. f3 Bf5 16. Bc5 Bd8 17. a3 Qa6 18. Rf2 Nd7 19. Bd4 Bg5 20. Rc3 Rac8 21. Bf1 Qb7 22. b4 a5 23. bxa5 Ra8 24. e4 dxe4 25. a6 Qc7 26. fxe4 Bxe4 27. Bc4 Bf6 28. Bxf6 Nxf6 29. Nc5 Bg6 30. Rc1 Nh7 31. Rb2 Qe5 32. Na4 Qe3+ 33. Kh1 Rad8 34. Qe1 Qxa3 35. Qc3 Qxa4 36. Ra2 Qxa2 37. Bxa2 Re7 0-1

[Event "Kesarovski Georgiev mem."]
[Site "Sunny Beach BUL"]
[Date "2015.09.12"]
[Round "8"]
[White "Golubka, Petro"]
[Black "Petrov, Martin"]
[Result "1-0"]
[WhiteElo "2413"]
[BlackElo "2184"]
[WhiteFideId "-1"]
[BlackFideId "-1"]
[PlyCount "77"]
[GameId "2130307654645059"]
[EventDate "2015.09.05"]
[EventType "swiss"]
[EventRounds "9"]
[EventCountry "BUL"]
[SourceTitle "Mega2015 Update 43"]
[Source "Chessbase"]
[SourceDate "2015.09.18"]
[SourceVersion "1"]
[SourceVersionDate "2015.09.18"]
[SourceQuality "1"]

1. e4 c5 2. Nf3 d6 3. d4 cxd4 4. Nxd4 Nf6 5. Nc3 a6 6. Be2 e5 7. Nb3 Be7 8. Bg5 Be6 9. Bxf6 Bxf6 10. Qd3 O-O 11. O-O-O Be7 12. g3 Nd7 13. f4 Rc8 14. Kb1 b5 15. f5 Bc4 16. Qf3 Bxe2 17. Nxe2 a5 18. Nc3 a4 19. Nc1 a3 20. Nd3 Nb6 21. Nb4 axb2 22. Ncd5 Nc4 23. h4 h6 24. Qf2 f6 25. g4 Rf7 26. Rd3 Qa5 27. Rg3 Bd8 28. g5 Na3+ 29. Kxb2 Ra7 30. c3 Nc4+ 31. Ka1 fxg5 32. hxg5 Bxg5 33. Rxg5 hxg5 34. f6 Qa3 35. fxg7 Rxg7 36. Qh2 Rf8 37. Nc6 Rf4 38. Qh8+ Kf7 39. Nd8+ 1-0

[Event "Manhem-B"]
[Site "Gothenburg SWE"]
[Date "2015.08.08"]
[Round "1"]
[White "Golubka, Petro"]
[Black "Olund, Joar"]
[Result "1-0"]
[WhiteElo "2399"]
[BlackElo "2333"]
[WhiteFideId "-1"]
[BlackFideId "-1"]
[PlyCount "175"]
[GameId "2130307655812857"]
[EventDate "2015.08.08"]
[EventType "tourn"]
[EventRounds "9"]
[EventCountry "SWE"]
[EventCategory "5"]
[SourceTitle "Mega2015 Update 39"]
[Source "Chessbase"]
[SourceDate "2015.08.20"]
[SourceVersion "1"]
[SourceVersionDate "2015.08.20"]
[SourceQuality "1"]

1. Nf3 Nf6 2. c4 g6 3. Nc3 Bg7 4. e4 d6 5. d4 O-O 6. Be2 e5 7. Be3 Ng4 8. Bg5 f6 9. Bh4 g5 10. Bg3 Nh6 11. c5 g4 12. Nh4 Nc6 13. dxe5 fxe5 14. cxd6 cxd6 15. Nb5 Nd4 16. Nxd4 exd4 17. O-O Bf6 18. Bf4 Be5 19. Bg3 Bf6 20. Nf5 Bxf5 21. exf5 Nxf5 22. Bxg4 Nxg3 23. hxg3 Qe7 24. Qd3 Qg7 25. Bf3 Rae8 26. Rae1 b6 27. a3 Kh8 28. Re4 Rxe4 29. Bxe4 Bg5 30. g4 Qe7 31. g3 Re8 32. Bf3 Bf6 33. Kg2 h6 34. Qg6 Bg5 35. Rh1 Rg8 36. Qd3 Qe5 37. Bd1 Qd5+ 38. Kh2 Rf8 39. Rf1 Bf6 40. Bc2 Qf7 41. Qd2 Qg7 42. Kg2 d5 43. Bf5 Re8 44. Rh1 Kg8 45. Qd3 Bg5 46. Qb5 Re5 47. Qc6 Qe7 48. Rd1 Bf6 49. Rc1 Qf7 50. Qc2 Kg7 51. Rh1 Re8 52. Qd2 Rh8 53. Qf4 Qe7 54. Rc1 Be5 55. Qd2 Bf6 56. Rc6 Re8 57. b4 Qf7 58. b5 Re7 59. a4 Rc7 60. Qf4 Re7 61. Bd3 Re5 62. Qf3 Qe7 63. Bc2 Qf7 64. Qd3 Re4 65. f3 Re8 66. Rc7 Re2+ 67. Kh3 Re7 68. Qh7+ Kf8 69. Rc8+ Re8 70. Qxh6+ Qg7 71. Rxe8+ Kxe8 72. Qh5+ Ke7 73. f4 Kd6 74. g5 Qd7+ 75. Qg4 Qc7 76. Qf5 Bg7 77. Bb3 Qb7 78. Kg4 Kc5 79. Qe6 Kb4 80. Bxd5 Qc7 81. Be4 Kxa4 82. Qc6 Qf7 83. f5 Be5 84. f6 Kb4 85. Kf5 Bxg3 86. g6 Qa2 87. g7 Bh4 88. Qd5 1-0

[Event "Manhem-B"]
[Site "Gothenburg SWE"]
[Date "2015.08.09"]
[Round "2"]
[White "Golubka, Petro"]
[Black "Haubro, Martin"]
[Result "0-1"]
[WhiteElo "2399"]
[BlackElo "2369"]
[WhiteFideId "-1"]
[BlackFideId "-1"]
[PlyCount "39"]
[GameId "2130307655812861"]
[EventDate "2015.08.08"]
[EventType "tourn"]
[EventRounds "9"]
[EventCountry "SWE"]
[EventCategory "5"]
[SourceTitle "Mega2015 Update 39"]
[Source "Chessbase"]
[SourceDate "2015.08.20"]
[SourceVersion "1"]
[SourceVersionDate "2015.08.20"]
[SourceQuality "1"]

1. d4 f5 2. Bg5 h6 3. Bf4 Nf6 4. h4 g6 5. Be5 Bg7 6. Nc3 O-O 7. Nf3 e6 8. Rg1 d6 9. Bxf6 Qxf6 10. g4 fxg4 11. Rxg4 Nc6 12. Qd3 Nb4 13. Qd1 Qf5 14. Bh3 Nxc2+ 15. Kd2 Nxa1 16. Qxa1 e5 17. Qg1 Qf7 18. d5 Bxg4 19. Bxg4 Rae8 20. Ke1 0-1

[Event "Manhem-B"]
[Site "Gothenburg SWE"]
[Date "2015.08.09"]
[Round "3"]
[White "Braun, Christian1"]
[Black "Golubka, Petro"]
[Result "0-1"]
[WhiteElo "2420"]
[BlackElo "2399"]
[WhiteFideId "-1"]
[BlackFideId "-1"]
[PlyCount "102"]
[GameId "2130307655816962"]
[EventDate "2015.08.08"]
[EventType "tourn"]
[EventRounds "9"]
[EventCountry "SWE"]
[EventCategory "5"]
[SourceTitle "Mega2015 Update 39"]
[Source "Chessbase"]
[SourceDate "2015.08.20"]
[SourceVersion "1"]
[SourceVersionDate "2015.08.20"]
[SourceQuality "1"]

1. e4 c5 2. Nf3 d6 3. c3 Nf6 4. Bd3 Nc6 5. Bc2 Bg4 6. h3 Bxf3 7. Qxf3 Rc8 8. Qe2 g6 9. d3 Bg7 10. Nd2 O-O 11. O-O b5 12. a3 a5 13. a4 b4 14. Nc4 Nd7 15. Bd2 Nb6 16. Bb3 e6 17. Rac1 Rb8 18. Bf4 Nc8 19. Ba2 Rb7 20. e5 d5 21. Nd2 bxc3 22. bxc3 Rb2 23. Ra1 Nb6 24. Rfb1 Rxb1+ 25. Bxb1 d4 26. c4 Qc7 27. Ne4 Nd7 28. Bc2 Bxe5 29. Bd2 Bf4 30. Be1 Bh6 31. Rb1 Nb4 32. Bxb4 cxb4 33. Bb3 f5 34. Ng3 Nc5 35. Qc2 e5 36. Re1 Qd6 37. Qd1 Kh8 38. Bc2 Rb8 39. Bb3 Rd8 40. Bc2 Bg5 41. Qf3 b3 42. Bd1 Bf4 43. Nf1 Rb8 44. g3 Bg5 45. h4 Bh6 46. g4 e4 47. dxe4 fxe4 48. Qf7 b2 49. Bc2 d3 50. g5 Bg7 51. Bb1 Rf8 0-1

[Event "Manhem-B"]
[Site "Gothenburg SWE"]
[Date "2015.08.10"]
[Round "4"]
[White "Golubka, Petro"]
[Black "Al Hadarani, Hatim"]
[Result "1-0"]
[WhiteElo "2399"]
[BlackElo "2254"]
[WhiteFideId "-1"]
[BlackFideId "-1"]
[PlyCount "85"]
[GameId "2130307655816967"]
[EventDate "2015.08.08"]
[EventType "tourn"]
[EventRounds "9"]
[EventCountry "SWE"]
[EventCategory "5"]
[SourceTitle "Mega2015 Update 39"]
[Source "Chessbase"]
[SourceDate "2015.08.20"]
[SourceVersion "1"]
[SourceVersionDate "2015.08.20"]
[SourceQuality "1"]

1. e4 c5 2. Nf3 a6 3. Nc3 d6 4. d4 cxd4 5. Nxd4 e5 6. Nb3 Be6 7. f4 Be7 8. f5 Bd7 9. Be3 Bc6 10. Qg4 h5 11. Qf3 Nf6 12. O-O-O Nbd7 13. h3 b5 14. a3 Rb8 15. g4 hxg4 16. hxg4 Rxh1 17. Qxh1 Nxg4 18. Qh8+ Bf8 19. Ba7 Rc8 20. Rxd6 Qc7 21. Rxd7 Kxd7 22. Bg1 Bxe4 23. Qh5 Bd5 24. Qxg4 Bxa3 25. f6+ Kd6 26. Ne4+ Bxe4 27. Qxe4 Qc3 28. Qd3+ Qxd3 29. Bxd3 Bb4 30. Bf5 Re8 31. c3 gxf6 32. cxb4 e4 33. Kd2 Ke5 34. Bd7 Rd8 35. Bh2+ Kd5 36. Nc5 Kc4 37. Bc7 Rh8 38. Nxa6 Ra8 39. b3+ Kxb3 40. Bxb5 f5 41. Be2 Re8 42. Ke3 Kc3 43. b5 1-0

[Event "Manhem-B"]
[Site "Gothenburg SWE"]
[Date "2015.08.11"]
[Round "5"]
[White "Andreasson, Ingvar"]
[Black "Golubka, Petro"]
[Result "1/2-1/2"]
[WhiteElo "2356"]
[BlackElo "2399"]
[WhiteFideId "-1"]
[BlackFideId "-1"]
[PlyCount "70"]
[GameId "2130307655816971"]
[EventDate "2015.08.08"]
[EventType "tourn"]
[EventRounds "9"]
[EventCountry "SWE"]
[EventCategory "5"]
[SourceTitle "Mega2015 Update 39"]
[Source "Chessbase"]
[SourceDate "2015.08.20"]
[SourceVersion "1"]
[SourceVersionDate "2015.08.20"]
[SourceQuality "1"]

1. Nf3 d5 2. b3 c5 3. e3 a6 4. c4 e6 5. Bb2 Nf6 6. g3 Nc6 7. Bg2 d4 8. exd4 cxd4 9. O-O Bc5 10. a3 a5 11. d3 O-O 12. Re1 Nd7 13. Nbd2 e5 14. Ne4 Re8 15. Nfg5 g6 16. Bc1 Bf8 17. f4 Ra6 18. f5 Ne7 19. Rf1 Bg7 20. fxg6 fxg6 21. Nf7 Qc7 22. Nh6+ Bxh6 23. Bxh6 Nf5 24. Qd2 Nc5 25. Nxc5 Qxc5 26. b4 axb4 27. axb4 Qc7 28. Rxa6 bxa6 29. Bd5+ Be6 30. Rxf5 Bxd5 31. cxd5 gxf5 32. Qg5+ Kh8 33. Qf6+ Kg8 34. Qg5+ Kh8 35. Qf6+ Kg8 1/2-1/2

[Event "Manhem-B"]
[Site "Gothenburg SWE"]
[Date "2015.08.12"]
[Round "6"]
[White "Golubka, Petro"]
[Black "Rydstrom, Tom"]
[Result "1-0"]
[WhiteElo "2399"]
[BlackElo "2380"]
[WhiteFideId "-1"]
[BlackFideId "-1"]
[PlyCount "57"]
[GameId "2130307655816977"]
[EventDate "2015.08.08"]
[EventType "tourn"]
[EventRounds "9"]
[EventCountry "SWE"]
[EventCategory "5"]
[SourceTitle "Mega2015 Update 39"]
[Source "Chessbase"]
[SourceDate "2015.08.20"]
[SourceVersion "1"]
[SourceVersionDate "2015.08.20"]
[SourceQuality "1"]

1. e4 e5 2. f4 exf4 3. Qe2 Nc6 4. c3 Be7 5. d4 d5 6. exd5 Qxd5 7. Bxf4 Nf6 8. Nd2 O-O 9. Qf2 Re8 10. Bc4 Qh5 11. Ne2 Bg4 12. O-O Bd6 13. Ng3 Qg6 14. Rae1 Na5 15. Bxd6 cxd6 16. Nge4 Rxe4 17. Bxf7+ Qxf7 18. Nxe4 Rf8 19. Qh4 Bd7 20. Nxd6 Qd5 21. Qg3 Nc6 22. h3 b5 23. Rf2 a6 24. a3 Qh5 25. Ne4 Nxe4 26. Rxf8+ Kxf8 27. Rxe4 Qd5 28. Qf3+ Qf7 29. Rf4 1-0

[Event "Manhem-B"]
[Site "Gothenburg SWE"]
[Date "2015.08.12"]
[Round "7"]
[White "Lindgren, Philip"]
[Black "Golubka, Petro"]
[Result "1/2-1/2"]
[WhiteElo "2401"]
[BlackElo "2399"]
[WhiteFideId "-1"]
[BlackFideId "-1"]
[PlyCount "52"]
[GameId "2130307655816983"]
[EventDate "2015.08.08"]
[EventType "tourn"]
[EventRounds "9"]
[EventCountry "SWE"]
[EventCategory "5"]
[SourceTitle "Mega2015 Update 39"]
[Source "Chessbase"]
[SourceDate "2015.08.20"]
[SourceVersion "1"]
[SourceVersionDate "2015.08.20"]
[SourceQuality "1"]

1. d4 Nf6 2. c4 e6 3. Nf3 b6 4. g3 Ba6 5. b3 d5 6. Bg2 Bb4+ 7. Bd2 Be7 8. Nc3 c6 9. Ne5 O-O 10. cxd5 cxd5 11. O-O Nfd7 12. Nxd7 Qxd7 13. Bc1 Nc6 14. Re1 Rac8 15. Bb2 f5 16. Qd2 Rc7 17. Rac1 Rfc8 18. e3 Nb4 19. Bf1 Bxf1 20. Rxf1 Bf8 21. a3 Nc6 22. Qd3 Na5 23. Ne2 Bd6 24. Rxc7 Rxc7 25. Rc1 Rxc1+ 26. Bxc1 Qe7 1/2-1/2

[Event "Manhem-B"]
[Site "Gothenburg SWE"]
[Date "2015.08.13"]
[Round "8"]
[White "Golubka, Petro"]
[Black "Antonsen, Mikkel"]
[Result "1/2-1/2"]
[WhiteElo "2399"]
[BlackElo "2475"]
[WhiteFideId "-1"]
[BlackFideId "-1"]
[PlyCount "123"]
[GameId "2130307655816986"]
[EventDate "2015.08.08"]
[EventType "tourn"]
[EventRounds "9"]
[EventCountry "SWE"]
[EventCategory "5"]
[SourceTitle "Mega2015 Update 39"]
[Source "Chessbase"]
[SourceDate "2015.08.20"]
[SourceVersion "1"]
[SourceVersionDate "2015.08.20"]
[SourceQuality "1"]

1. e4 e5 2. f4 d5 3. exd5 exf4 4. d4 Qh4+ 5. Kd2 Nf6 6. Qe2+ Kd8 7. Nf3 Qh6 8. Ne5 f3+ 9. Qe3 Qxe3+ 10. Kxe3 Nxd5+ 11. Kxf3 Be6 12. c3 Nd7 13. Nxd7 Kxd7 14. Nd2 Re8 15. Nc4 Kc8 16. Bd3 c5 17. a3 cxd4 18. cxd4 Kb8 19. Bd2 Be7 20. Rhe1 Rc8 21. Rac1 h6 22. h3 Bg5 23. Rcd1 Rhd8 24. Bxg5 hxg5 25. Ne3 Nxe3 26. Kxe3 Bd5 27. Kf2 Bb3 28. Rc1 Rxc1 29. Rxc1 Rxd4 30. Ke3 Rd8 31. Be4 Be6 32. Rc5 f6 33. Bf3 Rc8 34. Rb5 b6 35. Be4 Rc1 36. Rb4 Kc7 37. Bd3 Bd5 38. h4 gxh4 39. Rxh4 Rg1 40. g4 Kd6 41. Bf5 Rh1 42. Rxh1 Bxh1 43. Kd4 Bd5 44. Bd3 Bf3 45. Bf5 g6 46. Bxg6 Bxg4 47. b4 f5 48. a4 f4 49. Bd3 Bd1 50. a5 f3 51. Ke3 Kd5 52. axb6 axb6 53. Bb5 Be2 54. Be8 Kc4 55. b5 Kb4 56. Bc6 Kc5 57. Kf2 Kc4 58. Ke3 Kb4 59. Kf2 Bxb5 60. Bxf3 Kc3 61. Ke3 Bd7 62. Be2 1/2-1/2

[Event "Manhem-B"]
[Site "Gothenburg SWE"]
[Date "2015.08.14"]
[Round "9"]
[White "Berggren Torell, Harald"]
[Black "Golubka, Petro"]
[Result "0-1"]
[WhiteElo "2176"]
[BlackElo "2399"]
[WhiteFideId "-1"]
[BlackFideId "-1"]
[PlyCount "62"]
[GameId "2130307655816990"]
[EventDate "2015.08.08"]
[EventType "tourn"]
[EventRounds "9"]
[EventCountry "SWE"]
[EventCategory "5"]
[SourceTitle "Mega2015 Update 39"]
[Source "Chessbase"]
[SourceDate "2015.08.20"]
[SourceVersion "1"]
[SourceVersionDate "2015.08.20"]
[SourceQuality "1"]

1. e4 c5 2. Nf3 e6 3. d3 Nc6 4. g3 g6 5. Bg5 Qb6 6. Nbd2 Qxb2 7. Rb1 Qg7 8. Nc4 f6 9. Bd2 Be7 10. Bg2 Nh6 11. a4 O-O 12. O-O Rd8 13. Re1 Nf7 14. Bc3 Rb8 15. Qd2 b6 16. e5 f5 17. h4 Ba6 18. Nd6 Nxd6 19. exd6 Bf6 20. Bxf6 Qxf6 21. Qf4 Re8 22. Ne5 Nxe5 23. Qxe5 Qxe5 24. Rxe5 Rec8 25. a5 Bb7 26. Bf1 Bf3 27. axb6 axb6 28. c4 Rc6 29. Re3 Bh5 30. Re5 Kf7 31. Kg2 Ra8 0-1

[Event "Vsetin op"]
[Site "Vsetin CZE"]
[Date "2015.07.04"]
[Round "1"]
[White "Golubka, Petro"]
[Black "Stradej, Vlastimil"]
[Result "1-0"]
[WhiteElo "2407"]
[BlackElo "1975"]
[WhiteFideId "-1"]
[BlackFideId "-1"]
[PlyCount "95"]
[GameId "2130307657479871"]
[EventDate "2015.07.04"]
[EventType "swiss"]
[EventRounds "9"]
[EventCountry "CZE"]
[SourceTitle "Mega2015 Update 34"]
[Source "Chessbase"]
[SourceDate "2015.07.16"]
[SourceVersion "1"]
[SourceVersionDate "2015.07.16"]
[SourceQuality "1"]

1. d4 d5 2. c4 c6 3. Nc3 e5 4. cxd5 cxd5 5. Nf3 e4 6. Ne5 f6 7. Qa4+ Nd7 8. Ng4 Kf7 9. Ne3 Nb6 10. Qb3 Be6 11. a4 a5 12. g3 Bb4 13. Bg2 Ne7 14. Nc2 Nc6 15. O-O Re8 16. Nxb4 Nxb4 17. Nb5 Nc4 18. Bf4 g5 19. Bc1 Kg7 20. f3 e3 21. f4 g4 22. f5 Bf7 23. Qd1 Rc8 24. Nc3 Qd7 25. Rf4 Kh8 26. Rxg4 Qxf5 27. Rf4 Qg5 28. b3 Nb6 29. Bb2 Bg6 30. Rc1 Rc6 31. Bh3 Be4 32. Nxe4 Rxe4 33. Rxe4 dxe4 34. d5 N6xd5 35. Rxc6 bxc6 36. Qf1 Kg7 37. Bf5 h5 38. Bxe4 h4 39. Qf5 Qxf5 40. Bxf5 hxg3 41. hxg3 Kh6 42. Kg2 Kg5 43. Be4 f5 44. Bf3 f4 45. Be4 fxg3 46. Kxg3 Kh5 47. Kf3 Kg5 48. Bd4 1-0

[Event "Vsetin op"]
[Site "Vsetin CZE"]
[Date "2015.07.05"]
[Round "2"]
[White "Koziol, Kamil"]
[Black "Golubka, Petro"]
[Result "1/2-1/2"]
[WhiteElo "2132"]
[BlackElo "2407"]
[WhiteFideId "-1"]
[BlackFideId "-1"]
[PlyCount "62"]
[GameId "2130307657484020"]
[EventDate "2015.07.04"]
[EventType "swiss"]
[EventRounds "9"]
[EventCountry "CZE"]
[SourceTitle "Mega2015 Update 34"]
[Source "Chessbase"]
[SourceDate "2015.07.16"]
[SourceVersion "1"]
[SourceVersionDate "2015.07.16"]
[SourceQuality "1"]

1. e4 e5 2. Nf3 Nc6 3. Bb5 a6 4. Ba4 Nf6 5. O-O Nxe4 6. d4 b5 7. Bb3 d5 8. dxe5 Be6 9. Be3 Be7 10. c3 O-O 11. Nbd2 Nc5 12. Bc2 Nd7 13. Bf4 Re8 14. Re1 Bg4 15. h3 Bh5 16. e6 Nc5 17. exf7+ Bxf7 18. Qb1 g6 19. Nb3 Nxb3 20. Bxb3 Qd7 21. Qd3 Bf6 22. Rxe8+ Rxe8 23. Rd1 Ne7 24. Ng5 c6 25. Qf3 Nf5 26. Bc2 Bd8 27. g4 Ng7 28. Be3 Ne6 29. Nxe6 Qxe6 30. a4 Qf6 31. axb5 axb5 1/2-1/2

[Event "Vsetin op"]
[Site "Vsetin CZE"]
[Date "2015.07.06"]
[Round "3"]
[White "Golubka, Petro"]
[Black "Lorenc, Tomas"]
[Result "1-0"]
[WhiteElo "2407"]
[BlackElo "2102"]
[WhiteFideId "-1"]
[BlackFideId "-1"]
[PlyCount "65"]
[GameId "2130307657484044"]
[EventDate "2015.07.04"]
[EventType "swiss"]
[EventRounds "9"]
[EventCountry "CZE"]
[SourceTitle "Mega2015 Update 34"]
[Source "Chessbase"]
[SourceDate "2015.07.16"]
[SourceVersion "1"]
[SourceVersionDate "2015.07.16"]
[SourceQuality "1"]

1. d4 Nf6 2. c4 c5 3. d5 b5 4. cxb5 a6 5. b6 d6 6. Nc3 Nbd7 7. e4 g6 8. g4 Nxb6 9. g5 Nfd7 10. h4 Bg7 11. h5 Ne5 12. h6 Bf8 13. f4 Ned7 14. Nf3 Qc7 15. Be3 e5 16. dxe6 fxe6 17. Bh3 Nc4 18. Bc1 Ndb6 19. b3 Na5 20. Bb2 Rg8 21. Qe2 e5 22. Bxc8 Qxc8 23. fxe5 dxe5 24. Nxe5 Bd6 25. Ng4 Bg3+ 26. Kf1 Rf8+ 27. Kg2 Nc6 28. Nd5 Bc7 29. Rhf1 Nd4 30. Rxf8+ Kxf8 31. Bxd4 cxd4 32. Qf3+ Ke8 33. Ngf6+ 1-0

[Event "Vsetin op"]
[Site "Vsetin CZE"]
[Date "2015.07.06"]
[Round "4"]
[White "Babula, Milan"]
[Black "Golubka, Petro"]
[Result "1/2-1/2"]
[WhiteElo "2235"]
[BlackElo "2407"]
[WhiteFideId "-1"]
[BlackFideId "-1"]
[PlyCount "139"]
[GameId "2130307657484078"]
[EventDate "2015.07.04"]
[EventType "swiss"]
[EventRounds "9"]
[EventCountry "CZE"]
[SourceTitle "Mega2015 Update 34"]
[Source "Chessbase"]
[SourceDate "2015.07.16"]
[SourceVersion "1"]
[SourceVersionDate "2015.07.16"]
[SourceQuality "1"]

1. e4 c5 2. Nc3 a6 3. Nf3 e6 4. d4 cxd4 5. Nxd4 Qc7 6. g3 Nf6 7. Bg2 Nc6 8. O-O Be7 9. Nde2 O-O 10. b3 b5 11. Bb2 Bb7 12. Nf4 Rfd8 13. Re1 d6 14. a3 Rac8 15. Rc1 b4 16. axb4 Nxb4 17. Nd3 d5 18. exd5 exd5 19. Ne2 Ne4 20. Nd4 Na2 21. Ra1 Nac3 22. Qg4 Bf6 23. Ne2 Nxf2 24. Kxf2 Qb6+ 25. Kf1 Nxe2 26. Rxe2 Bxb2 27. Nxb2 Qf6+ 28. Kg1 Qxb2 29. Rae1 Qc3 30. Qa4 Rf8 31. Kh1 h6 32. Qd7 Bc6 33. Qf5 Bb5 34. Re7 Rc5 35. Qf2 d4 36. Be4 f5 37. Bf3 Rf6 38. Rd1 f4 39. g4 Bc6 40. Bxc6 Rcxc6 41. Re2 f3 42. Red2 Qe3 43. Kg1 Rce6 44. Rxd4 Qxf2+ 45. Kxf2 Re2+ 46. Kg3 Rg2+ 47. Kh3 Rxc2 48. Rf1 Rc3 49. b4 Rb3 50. Kg3 Kh7 51. Rf2 Rb6 52. Rxf3 R6xb4 53. Rxb4 Rxb4 54. Re3 Rb6 55. h4 Kg6 56. Re5 Rf6 57. h5+ Kf7 58. g5 hxg5 59. Kg4 Rb6 60. Rxg5 Rb4+ 61. Kg3 Rb5 62. Rg6 a5 63. Kg4 Rb1 64. Ra6 Ra1 65. Kf5 a4 66. Ra7+ Kg8 67. Kg6 Rg1+ 68. Kf5 Ra1 69. Kg6 Rg1+ 70. Kf5 1/2-1/2

[Event "Vsetin op"]
[Site "Vsetin CZE"]
[Date "2015.07.07"]
[Round "5"]
[White "Golubka, Petro"]
[Black "Belunek, Vladimir"]
[Result "1/2-1/2"]
[WhiteElo "2407"]
[BlackElo "2242"]
[WhiteFideId "-1"]
[BlackFideId "-1"]
[PlyCount "63"]
[GameId "2130307657488221"]
[EventDate "2015.07.04"]
[EventType "swiss"]
[EventRounds "9"]
[EventCountry "CZE"]
[SourceTitle "Mega2015 Update 34"]
[Source "Chessbase"]
[SourceDate "2015.07.16"]
[SourceVersion "1"]
[SourceVersionDate "2015.07.16"]
[SourceQuality "1"]

1. d4 Nf6 2. Nf3 d5 3. c4 e6 4. Nc3 Be7 5. Bg5 h6 6. Bxf6 Bxf6 7. e3 O-O 8. Rc1 c6 9. h4 g6 10. e4 dxe4 11. Nxe4 Bg7 12. c5 Nd7 13. Bc4 b6 14. b4 a5 15. b5 cxb5 16. Bxb5 bxc5 17. dxc5 Ne5 18. O-O Nxf3+ 19. Qxf3 Rb8 20. a4 Qxh4 21. g3 Qe7 22. Rfd1 h5 23. Nd6 h4 24. Rc4 hxg3 25. Qxg3 e5 26. c6 Be6 27. c7 Ra8 28. Rc5 Rac8 29. Qc3 Qg5+ 30. Qg3 Qe7 31. Qc3 Qg5+ 32. Qg3 1/2-1/2

[Event "Vsetin op"]
[Site "Vsetin CZE"]
[Date "2015.07.08"]
[Round "6"]
[White "Weinzettl, Ernst"]
[Black "Golubka, Petro"]
[Result "0-1"]
[WhiteElo "2301"]
[BlackElo "2407"]
[WhiteFideId "-1"]
[BlackFideId "-1"]
[PlyCount "62"]
[GameId "2130307657492386"]
[EventDate "2015.07.04"]
[EventType "swiss"]
[EventRounds "9"]
[EventCountry "CZE"]
[SourceTitle "Mega2015 Update 34"]
[Source "Chessbase"]
[SourceDate "2015.07.16"]
[SourceVersion "1"]
[SourceVersionDate "2015.07.16"]
[SourceQuality "1"]

1. e4 c5 2. Nf3 e6 3. d4 cxd4 4. Nxd4 a6 5. Nd2 Nc6 6. Nxc6 bxc6 7. Bd3 d5 8. O-O Nf6 9. Qe2 Be7 10. c4 a5 11. b3 O-O 12. Bb2 a4 13. Rad1 axb3 14. axb3 Ra2 15. Nf3 Qb6 16. Bb1 Rxb2 17. Qxb2 dxe4 18. Ne5 Qc7 19. Kh1 c5 20. f3 exf3 21. Nxf3 Bb7 22. Qe2 Bd6 23. Ng5 Bf4 24. Nh3 Be5 25. Rde1 Bd4 26. Ng5 g6 27. Nf3 Ng4 28. Be4 Ne3 29. Bxb7 Nxf1 30. Be4 Qxh2+ 31. Nxh2 Ng3# 0-1

[Event "Vsetin op"]
[Site "Vsetin CZE"]
[Date "2015.07.09"]
[Round "7"]
[White "Golubka, Petro"]
[Black "Obsivac, Josef"]
[Result "1/2-1/2"]
[WhiteElo "2407"]
[BlackElo "2318"]
[WhiteFideId "-1"]
[BlackFideId "-1"]
[PlyCount "60"]
[GameId "2130307657492396"]
[EventDate "2015.07.04"]
[EventType "swiss"]
[EventRounds "9"]
[EventCountry "CZE"]
[SourceTitle "Mega2015 Update 34"]
[Source "Chessbase"]
[SourceDate "2015.07.16"]
[SourceVersion "1"]
[SourceVersionDate "2015.07.16"]
[SourceQuality "1"]

1. d4 Nf6 2. c4 g6 3. Nc3 Bg7 4. e4 d6 5. Nf3 O-O 6. Be2 e5 7. Be3 Ng4 8. Bg5 f6 9. Bh4 Nc6 10. d5 Ne7 11. Nd2 f5 12. exf5 gxf5 13. Bxg4 fxg4 14. Nde4 Qe8 15. Bxe7 Qxe7 16. O-O b6 17. b4 Bh6 18. c5 a6 19. Re1 Kh8 20. cxd6 cxd6 21. b5 Bd7 22. bxa6 b5 23. Qb3 Rfb8 24. Qb4 Bf8 25. a7 Rxa7 26. a4 Rab7 27. axb5 Bxb5 28. Nxb5 Rxb5 29. Qd2 Qf7 30. Rad1 Bg7 1/2-1/2